| 000 | 00547nam a22001937a 4500 | ||
|---|---|---|---|
| 005 | 20230321113643.0 | ||
| 008 | 230321b ||||| |||| 00| 0 eng d | ||
| 040 | _cAL | ||
| 041 | _aEnglish | ||
| 082 |
_223 _a511/169 _bSG03097 |
||
| 100 |
_aL S Srinath _976756 |
||
| 245 | _aLinear Programming: Principles and Applications | ||
| 250 | _a2. | ||
| 260 |
_aNew Delhi _bAffiliated East West Press Pvt Ltd _c1982 |
||
| 300 |
_av,202 p. _bPB _c23x15 cm. |
||
| 650 |
_aLinear Programming _976739 |
||
| 700 |
_aSRINATH (LS) _976740 |
||
| 942 |
_2ddc _cSG |
||
| 999 |
_c227072 _d227072 |
||